Movies Quiz

Random Movies or Oscar Quiz

Emmanuel Lubezki Oscar Nominations Quiz Stats

Quiz not verified by Sporcle

Challenge
Share
Tweet
Embed
Score 0/8 Timer 05:00
0 Plays Today
Year Film % Correct
2013*Gravity
100%
2015*The Revenant
100%
2014*Birdman or (The Unexpected Virtue of Ignorance)
98%
2011The Tree of Life
89.8%
2006Children of Men
79.6%
1999Sleepy Hollow
67.3%
2005The New World
65.3%
1995A Little Princess
53.1%

You're not logged in!

Compare scores with friends on all Sporcle quizzes.
Sign Up with Email
OR
Log In

You Might Also Like...

Show Comments

Extras

Top Quizzes Today


Score Distribution

Your Account Isn't Verified!

In order to create a playlist on Sporcle, you need to verify the email address you used during registration. Go to your Sporcle Settings to finish the process.